[Event "XXXVI Puchar Wojewody Dolnoslaskiego w Szachach - turniej z norma GM"]
[Site "Legnica"]
[Date "1899-12-30"]
[Round "6.1"]
[White "Fiedorek, Michal"]
[Black "Nowak, Lukasz"]
[Result "0-1"]
[WhiteTitle "FM"]
[BlackTitle "FM"]
[WhiteElo "2321"]
[BlackElo "2319"]

1. Nf3 Nf6 2. c4 g6 3. Nc3 Bg7 4. e4 d6 5. d4 O-O 6. h3 e5 7. d5 a5 8. Be3 Na6
9. g4 Nd7 10. Be2 Ndc5 11. Nd2 f5 12. gxf5 gxf5 13. Qc2 f4 14. Bxc5 Nxc5 15. Nf3
Bf6 16. O-O-O Bd7 17. h4 Kh8 18. Rdg1 Qe7 19. Kb1 Rg8 20. h5 Rxg1+ 21. Rxg1 Rg8
22. Qd1 Rxg1 23. Qxg1 Qg7 24. Qh1 Qh6 25. Kc2 Be8 26. Ne1 Qg5 27. Nd3 Nxd3 28.
Kxd3 Qh4 29. Qf3 Bd7 30. Qg2 Qh3+ 31. Qxh3 Bxh3 32. Nb5 Bd8 33. a3 Kg7 34. b4
axb4 35. axb4 Bd7 36. Kd2 Kh6 37. c5 f3 38. Bd3 Bg5+ 39. Ke1 Bxb5 40. Bxb5 Kxh5
41. cxd6 cxd6 42. Bd7 Bc1 43. b5 b6 44. Bf5 h6 45. Kf1 Kg5 46. Kg1 Ba3 47. Kh2
Kf4 48. Bg6 Bc5 49. Kg1 Kg5 50. Bf5 h5 51. Kf1 Kf4 52. Bg6 h4 53. Bf5 Bb4 54.
Kg1 h3 55. Bxh3 Kxe4 56. Be6 Bc5 57. Bg4 Kf4 58. Bd7 e4 59. Kf1 Ke5 60. Bc6 Kd4
61. Ke1 Kd3 62. Bd7 Bxf2+ 63. Kxf2 Kd2 0-1

[Event "XXXVI Puchar Wojewody Dolnoslaskiego w Szachach - turniej z norma GM"]
[Site "Legnica"]
[Date "1899-12-30"]
[Round "6.2"]
[White "Lokander, Martin"]
[Black "Stremavicius, Pijus"]
[Result "1-0"]
[WhiteTitle "IM"]
[BlackTitle "FM"]
[WhiteElo "2492"]
[BlackElo "2345"]

1. d4 Nf6 2. c4 e6 3. Nf3 d5 4. Bg5 dxc4 5. e4 b5 6. a4 c6 7. Nc3 a6 8. e5 h6 9.
Bh4 g5 10. Nxg5 hxg5 11. Bxg5 Nbd7 12. g3 b4 13. Ne4 Be7 14. exf6 Nxf6 15. Bxf6
Bxf6 16. Nxf6+ Qxf6 17. Bg2 Bb7 18. Rc1 a5 19. Rxc4 Kf8 20. Qf3 Qh6 21. Qe3 Qg6
22. Be4 Qh5 23. Rc5 Qh3 24. Qg5 Rh6 25. Rxa5 Rxa5 26. Qxa5 Qg4 27. f3 1-0

[Event "XXXVI Puchar Wojewody Dolnoslaskiego w Szachach - turniej z norma GM"]
[Site "Legnica"]
[Date "1899-12-30"]
[Round "6.3"]
[White "Cyborowski, Lukasz"]
[Black "Haba, Petr"]
[Result "1/2-1/2"]
[WhiteTitle "GM"]
[BlackTitle "GM"]
[WhiteElo "2484"]
[BlackElo "2454"]

1. c4 e6 2. d4 d5 3. Nc3 a6 4. cxd5 exd5 5. Nf3 c6 6. Qc2 Bd6 7. Bg5 Ne7 8. e3
h6 9. Bh4 Bf5 10. Qxf5 Nxf5 11. Bxd8 Kxd8 12. Bd3 Ne7 13. e4 dxe4 14. Nxe4 Kc7
15. Nxd6 Kxd6 16. Ne5 Rf8 17. O-O-O Nd7 18. Bc4 f6 19. Nd3 Nd5 20. Bxd5 cxd5 21.
Rhe1 Rfe8 22. f3 b6 23. Rxe8 Rxe8 24. Re1 Rxe1+ 25. Nxe1 Nb8 26. Kd2 Nc6 27. Kc3
Ne7 28. Kd3 Nf5 29. g3 g5 30. Ng2 Ke6 1/2-1/2

[Event "XXXVI Puchar Wojewody Dolnoslaskiego w Szachach - turniej z norma GM"]
[Site "Legnica"]
[Date "1899-12-30"]
[Round "6.4"]
[White "Dobrowolski, Piotr"]
[Black "Stremavicius, Titas"]
[Result "0-1"]
[WhiteTitle "IM"]
[BlackTitle "GM"]
[WhiteElo "2405"]
[BlackElo "2495"]

1. e4 c5 2. Nf3 Nc6 3. d4 cxd4 4. Nxd4 Nf6 5. Nc3 d6 6. Bg5 e6 7. Qd2 a6 8. O-O-O
Bd7 9. f4 b5 10. Bxf6 gxf6 11. Kb1 Qb6 12. Nce2 Rc8 13. f5 Nxd4 14. Nxd4 e5 15.
Ne2 b4 16. Ng3 h5 17. h4 a5 18. Be2 Bc6 19. Bc4 Qc5 20. Qe2 Bh6 21. b3 Be3 22.
Nxh5 Ke7 23. Rh3 Bd4 24. Rg3 Rcg8 25. Rxg8 Rxg8 26. g4 a4 27. g5 fxg5 28. f6+
Kd7 29. Bxf7 Qc3 30. Rxd4 Qxd4 31. Qg4+ Kc7 32. Ng7 Kb6 33. Ne6 Qf2 34. Qd1 Rh8
35. bxa4 Rxh4 36. Be8 Rxe4 37. Kb2 Qe3 38. a5+ Kxa5 39. Bxc6 Qc3+ 40. Kc1 Re1
41. Qxe1 Qxe1+ 42. Kb2 Qf2 43. Nxg5 Qd4+ 0-1

[Event "XXXVI Puchar Wojewody Dolnoslaskiego w Szachach - turniej z norma GM"]
[Site "Legnica"]
[Date "1899-12-30"]
[Round "6.5"]
[White "Czopor, Maciej"]
[Black "Nasuta, Grzegorz"]
[Result "1/2-1/2"]
[WhiteTitle "FM"]
[BlackTitle "GM"]
[WhiteElo "2427"]
[BlackElo "2512"]

1. d4 d5 2. Nf3 Nf6 3. Bf4 c5 4. e3 Nc6 5. Nbd2 Nh5 6. dxc5 Nxf4 7. exf4 g6 8.
Nb3 Bh6 9. g3 O-O 10. Bg2 a5 11. a4 Bg7 12. c3 b6 13. O-O e6 14. Re1 bxc5 15.
Nxc5 Qb6 16. Nd3 Ba6 17. Rb1 Rab8 18. Qd2 d4 19. Nde5 Nxe5 20. Nxe5 dxc3 21. Qxc3
Rfc8 22. Qe3 Qxe3 23. Rxe3 Rc2 24. Bf1 Bxf1 25. Kxf1 Rbxb2 26. Rxb2 Rxb2 27. Nc6
Rb6 28. Nxa5 Ra6 29. Nc4 Rxa4 30. Ne5 Bxe5 31. Rxe5 1/2-1/2

[Event "XXXVI Puchar Wojewody Dolnoslaskiego w Szachach - turniej z norma GM"]
[Site "Legnica"]
[Date "1899-12-30"]
[Round "7.1"]
[White "Nowak, Lukasz"]
[Black "Czopor, Maciej"]
[Result "0-1"]
[WhiteTitle "FM"]
[BlackTitle "FM"]
[WhiteElo "2319"]
[BlackElo "2427"]

1. Nf3 Nf6 2. g3 d5 3. Bg2 c5 4. O-O e6 5. c4 d4 6. e3 Nc6 7. d3 Bd6 8. exd4 cxd4
9. Na3 O-O 10. Nc2 e5 11. b4 a6 12. Re1 Re8 13. a4 h6 14. Ba3 Qc7 15. Qd2 Bd7
16. b5 Nd8 17. Bxd6 Qxd6 18. Qb4 Qc7 19. Re2 Bf5 20. Ra3 Re6 21. Qe1 axb5 22.
Nxe5 Qe7 23. Ra2 Bxd3 24. Nxd4 Bxe2 25. Rxe2 bxa4 26. Nxe6 Nxe6 27. Nd3 a3 28.
Ra2 Qd6 29. Qc3 Ra7 30. Ne1 Qd1 31. Ra1 Nd4 32. Bf1 Ne2+ 33. Bxe2 Qxe2 34. Nc2
a2 35. Nb4 Ra8 36. Kg2 Ne4 37. Qd4 Qd2 38. Qxd2 Nxd2 39. c5 Nb3 40. Rxa2 Rxa2
41. Nxa2 Nxc5 42. Kf3 Kf8 43. Ke3 Ke7 44. Kd4 Kd6 45. Nc3 Kc6 46. Kc4 Nd7 47.
f4 Nf6 48. Nb5 Ng4 49. Nd4+ Kd7 50. h3 Nf2 51. Nf5 g6 52. Nxh6 Ke7 53. h4 Kf6
54. g4 Kg7 55. g5 f5 56. Kd4 Ng4 57. Nxf5+ gxf5 58. h5 b6 59. Kd5 b5 60. Kc5 Nf2
61. Kxb5 Nd3 62. Kc4 Nxf4 63. h6+ Kg6 64. Kd4 Kxg5 65. h7 Ng6 0-1

[Event "XXXVI Puchar Wojewody Dolnoslaskiego w Szachach - turniej z norma GM"]
[Site "Legnica"]
[Date "1899-12-30"]
[Round "7.2"]
[White "Nasuta, Grzegorz"]
[Black "Lokander, Martin"]
[Result "1/2-1/2"]
[WhiteTitle "GM"]
[BlackTitle "IM"]
[WhiteElo "2512"]
[BlackElo "2492"]

1. e4 e5 2. Nf3 Nc6 3. Bc4 Nf6 4. d3 Bc5 5. O-O d6 6. c3 a5 7. Re1 O-O 8. h3 h6
9. Bb5 Bd7 10. Nbd2 Ne7 11. Bxd7 Qxd7 12. Nf1 Ng6 13. Ng3 d5 14. d4 exd4 15. e5
Ne4 16. cxd4 Nxg3 17. fxg3 Ba7 18. g4 Rfe8 19. Be3 c5 20. Qd3 Rac8 21. Rad1 cxd4
22. Bxd4 Bxd4+ 23. Qxd4 Rc2 24. Rd2 Qc7 25. Qxd5 Rxd2 26. Qxd2 Nxe5 27. Nxe5 Rxe5
28. Rxe5 Qxe5 29. Qd8+ Kh7 30. Qd3+ Kg8 31. Qd8+ Kh7 32. Qd3+ Kg8 1/2-1/2

[Event "XXXVI Puchar Wojewody Dolnoslaskiego w Szachach - turniej z norma GM"]
[Site "Legnica"]
[Date "1899-12-30"]
[Round "7.3"]
[White "Stremavicius, Titas"]
[Black "Fiedorek, Michal"]
[Result "1-0"]
[WhiteTitle "GM"]
[BlackTitle "FM"]
[WhiteElo "2495"]
[BlackElo "2321"]

1. c4 e6 2. g3 d5 3. Nf3 Nf6 4. Bg2 Be7 5. O-O O-O 6. b3 d4 7. Bb2 c5 8. e3 Nc6
9. exd4 cxd4 10. Re1 Bc5 11. d3 Re8 12. Ne5 Nxe5 13. Rxe5 Qd6 14. Qe1 Rb8 15.
a3 a5 16. Bc1 Bd7 17. Bf4 Qb6 18. b4 axb4 19. Rxc5 Qxc5 20. axb4 Qb6 21. Bxb8
Rxb8 22. Qe5 Rc8 23. b5 Be8 24. Nd2 Nd7 25. Qe2 f6 26. Nb3 Bg6 27. Be4 Bf7 28.
f4 Re8 29. Qg2 Rb8 30. Qf2 Rd8 31. Nxd4 f5 32. Bg2 Nf6 33. Nf3 Qxf2+ 34. Kxf2
Rxd3 35. Ra8+ Ne8 36. Ne5 Rd2+ 37. Kf1 Bh5 38. Bf3 Bf7 39. Bxb7 Kf8 40. Bf3 Rb2
41. b6 1-0

[Event "XXXVI Puchar Wojewody Dolnoslaskiego w Szachach - turniej z norma GM"]
[Site "Legnica"]
[Date "1899-12-30"]
[Round "7.4"]
[White "Haba, Petr"]
[Black "Dobrowolski, Piotr"]
[Result "1-0"]
[WhiteTitle "GM"]
[BlackTitle "IM"]
[WhiteElo "2454"]
[BlackElo "2405"]

1. e4 c5 2. Nf3 Nc6 3. d4 cxd4 4. Nxd4 Nf6 5. Nc3 d6 6. Bg5 e6 7. Qd2 a6 8. Nxc6
bxc6 9. O-O-O Be7 10. Bxf6 gxf6 11. Bc4 Rb8 12. Rhe1 Qb6 13. Bb3 Rg8 14. f4 c5
15. Ba4+ Kf8 16. b3 Kg7 17. Re3 Kh8 18. Rg3 Rxg3 19. hxg3 Bb7 20. f5 Qd8 21. Qh6
Qg8 22. Qh3 Rd8 23. Kb1 d5 24. fxe6 fxe6 25. exd5 exd5 26. Bd7 d4 27. Ne2 Bd6
28. Bf5 Re8 29. Qh4 Qg7 30. Bxh7 Qg5 31. Qh3 Bxg2 32. Qd7 Rxe2 33. Bd3 Re7 34.
Qxd6 Qe5 35. Qxa6 Kg7 36. g4 Bf3 37. Rg1 Qh2 38. Rf1 Qd2 39. a4 Re1+ 40. Rxe1
Qxe1+ 41. Ka2 Qe7 42. g5 fxg5 43. Qg6+ Kf8 44. Bc4 Qb7 45. Qf6+ 1-0

[Event "XXXVI Puchar Wojewody Dolnoslaskiego w Szachach - turniej z norma GM"]
[Site "Legnica"]
[Date "1899-12-30"]
[Round "7.5"]
[White "Stremavicius, Pijus"]
[Black "Cyborowski, Lukasz"]
[Result "1/2-1/2"]
[WhiteTitle "FM"]
[BlackTitle "GM"]
[WhiteElo "2345"]
[BlackElo "2484"]

1. e4 c5 2. Nf3 e6 3. g3 Nc6 4. Bg2 Nf6 5. Qe2 d5 6. exd5 Nxd5 7. O-O Be7 8. Rd1
Qb6 9. Na3 O-O 10. c3 Rd8 11. Nc4 Qc7 12. d4 cxd4 13. Nxd4 Nxd4 14. Rxd4 Bf6 15.
Rd1 Bd7 16. Ne3 Ba4 17. Rf1 Nxe3 18. Bxe3 a6 19. Qg4 Bc6 20. Qc4 Rac8 21. Rfd1
Bxg2 22. Qxc7 Rxc7 23. Rxd8+ Bxd8 24. Kxg2 Kf8 25. Kf3 Be7 26. Rd1 Ke8 27. g4
Bc5 28. Bxc5 Rxc5 29. Rd4 h5 30. h3 hxg4+ 1/2-1/2

[Event "XXXVI Puchar Wojewody Dolnoslaskiego w Szachach - turniej z norma GM"]
[Site "Legnica"]
[Date "1899-12-30"]
[Round "8.1"]
[White "Nasuta, Grzegorz"]
[Black "Nowak, Lukasz"]
[Result "1/2-1/2"]
[WhiteTitle "GM"]
[BlackTitle "FM"]
[WhiteElo "2512"]
[BlackElo "2319"]

1. e4 e5 2. Nf3 Nc6 3. Bb5 a6 4. Ba4 Nf6 5. O-O Bc5 6. c3 b5 7. Bb3 d6 8. a4 Bb7
9. d4 Bb6 10. Re1 O-O 11. Bg5 h6 12. Bh4 exd4 13. cxd4 g5 14. Nxg5 hxg5 15. Bxg5
Nxd4 16. Bd5 Ne6 17. Bh4 Bxd5 18. exd5 Ng7 19. Qf3 Re8 20. Nc3 Rxe1+ 21. Rxe1
Nge8 22. Re4 Bxf2+ 23. Qxf2 Nxe4 24. Nxe4 Qc8 25. Qf4 f5 26. Qg5+ Ng7 27. Nf6+
Kf7 28. Nh5 Nxh5 29. Qxh5+ Kg7 30. Qg5+ Kh7 31. Qe7+ Kg8 32. Qg5+ Kh7 33. Qh5+
Kg7 34. Qg5+ Kh7 1/2-1/2

[Event "XXXVI Puchar Wojewody Dolnoslaskiego w Szachach - turniej z norma GM"]
[Site "Legnica"]
[Date "1899-12-30"]
[Round "8.2"]
[White "Lokander, Martin"]
[Black "Cyborowski, Lukasz"]
[Result "1/2-1/2"]
[WhiteTitle "IM"]
[BlackTitle "GM"]
[WhiteElo "2492"]
[BlackElo "2484"]

1. d4 d5 2. c4 e6 3. Nc3 Nf6 4. cxd5 exd5 5. Bg5 c6 6. Qc2 Be7 7. e3 h6 8. Bh4
O-O 9. Bd3 Re8 10. Nge2 a5 11. O-O Na6 12. a3 Nc7 13. f3 Ne6 14. Bf2 Bd7 15. Rad1
Rc8 16. Qb3 b5 17. h3 b4 18. axb4 axb4 19. Na4 c5 20. Nxc5 Nxc5 21. dxc5 Bxc5
22. Nd4 Qb6 23. Ra1 Ra8 24. Rfc1 Qd6 25. Qd1 Bb6 26. Rxa8 Rxa8 27. Ra1 Rb8 28.
Ra6 Bc8 29. Ra4 Bd7 30. Ra6 Bc8 31. Ra4 Bd7 1/2-1/2

[Event "XXXVI Puchar Wojewody Dolnoslaskiego w Szachach - turniej z norma GM"]
[Site "Legnica"]
[Date "1899-12-30"]
[Round "8.3"]
[White "Dobrowolski, Piotr"]
[Black "Stremavicius, Pijus"]
[Result "1-0"]
[WhiteTitle "IM"]
[BlackTitle "FM"]
[WhiteElo "2405"]
[BlackElo "2345"]

1. e4 d6 2. d4 Nf6 3. Nc3 g6 4. Be3 c6 5. f4 Ng4 6. Bd2 e5 7. dxe5 dxe5 8. Qf3
Bc5 9. Nh3 exf4 10. O-O-O Ne3 11. Qxf4 Nxd1 12. Qe5+ Kd7 13. Qxc5 b6 14. Qd4+
Kc7 15. Qxd8+ Rxd8 16. Nxd1 Bxh3 17. gxh3 Nd7 18. Bf4+ Kb7 19. Nf2 Re8 20. Bg2
Rad8 21. Rd1 Nc5 22. Rxd8 Rxd8 23. Be3 Nd7 24. Nd3 Re8 25. Bd4 Kc7 26. b4 f6 27.
Kd2 Kd6 28. Bf2 g5 29. h4 g4 30. h5 Rg8 31. Bh4 a5 32. bxa5 bxa5 33. Nb2 Ke6 34.
Nd3 a4 35. a3 Ne5 36. Nxe5 fxe5 37. Bf1 Rb8 38. Be2 Kd6 39. Bxg4 Rb2 40. Kc3 Ra2
41. Bg5 c5 42. Bc1 1-0

[Event "XXXVI Puchar Wojewody Dolnoslaskiego w Szachach - turniej z norma GM"]
[Site "Legnica"]
[Date "1899-12-30"]
[Round "8.4"]
[White "Fiedorek, Michal"]
[Black "Haba, Petr"]
[Result "1/2-1/2"]
[WhiteTitle "FM"]
[BlackTitle "GM"]
[WhiteElo "2321"]
[BlackElo "2454"]

1. e4 e6 2. d4 d5 3. e5 b6 4. Bb5+ c6 5. Ba4 a5 6. c3 Ba6 7. Ne2 Ne7 8. O-O Nd7
9. Re1 b5 10. Bc2 c5 11. Nf4 cxd4 12. cxd4 Qb6 13. Be3 g6 14. Nd2 Nc6 15. Rc1
Be7 16. Bb1 Rc8 17. Nf3 Qa7 18. h4 Nb6 19. b3 a4 20. Ng5 Ba3 21. Rc2 Qe7 22. Qg4
Kd7 23. Nd3 Kc7 24. Bc1 Bb4 25. Bd2 Ba3 26. Nc5 Bb7 27. Qe2 Kb8 28. Be3 Nxd4 29.
Bxd4 Bxc5 30. Bxc5 Rxc5 31. Rxc5 Qxc5 32. Nxf7 Rf8 33. Nd6 axb3 34. axb3 b4 35.
Qd2 Ba6 36. Re3 Nd7 37. h5 Nxe5 38. Rxe5 Qxd6 39. Re4 gxh5 40. Rxb4+ Bb7 41. Rh4
1/2-1/2

[Event "XXXVI Puchar Wojewody Dolnoslaskiego w Szachach - turniej z norma GM"]
[Site "Legnica"]
[Date "1899-12-30"]
[Round "8.5"]
[White "Czopor, Maciej"]
[Black "Stremavicius, Titas"]
[Result "0-1"]
[WhiteTitle "FM"]
[BlackTitle "GM"]
[WhiteElo "2427"]
[BlackElo "2495"]

1. e4 c5 2. Nf3 Nc6 3. Bb5 e5 4. O-O Bd6 5. d4 exd4 6. c3 a6 7. Bc4 Nf6 8. e5 b5
9. exf6 bxc4 10. Re1+ Kf8 11. Bg5 g6 12. Bh6+ Kg8 13. cxd4 Bb7 14. dxc5 Bxc5 15.
Nc3 Nb4 16. Ne4 Bxe4 17. Rxe4 d5 18. Re5 Nd3 19. Bg7 h6 20. Bxh8 Kxh8 21. Re2
Qxf6 22. Qc2 Kg8 23. Rd1 Nf4 24. Red2 Qe6 25. g3 Re8 26. Kh1 Qh3 27. Rg1 Qg4 28.
Nh4 Nd3 29. f3 Qe6 30. Rf1 Bb4 31. Rxd3 cxd3 32. Qxd3 Qe2 33. Qb1 Rc8 34. Rc1
Rxc1+ 35. Qxc1 d4 0-1

[Event "XXXVI Puchar Wojewody Dolnoslaskiego w Szachach - turniej z norma GM"]
[Site "Legnica"]
[Date "1899-12-30"]
[Round "9.1"]
[White "Nowak, Lukasz"]
[Black "Lokander, Martin"]
[Result "1-0"]
[WhiteTitle "FM"]
[BlackTitle "IM"]
[WhiteElo "2319"]
[BlackElo "2492"]

1. c4 b6 2. d4 Bb7 3. Nf3 e6 4. a3 f5 5. Nc3 Nf6 6. Bf4 Ne4 7. Nxe4 Bxe4 8. e3
Be7 9. h4 Bf6 10. Bd3 Bxd3 11. Qxd3 O-O 12. O-O-O d5 13. g4 dxc4 14. Qxc4 Qd5
15. Qxd5 exd5 16. gxf5 Nc6 17. Kb1 Bd8 18. Rc1 Na5 19. Bxc7 Nc4 20. Bxd8 Raxd8
21. Ne5 b5 22. Nd3 Rxf5 23. Ka2 Rf3 24. Rc2 Rdf8 25. Nf4 a5 26. Rh2 R8xf4 27.
exf4 a4 28. Rc3 Rxf4 29. Rd3 Re4 30. f3 Re1 31. b3 Na5 32. bxa4 bxa4 33. Rb2 h5
34. Rb5 Re2+ 35. Kb1 Re1+ 36. Ka2 Re2+ 37. Kb1 Re1+ 38. Kc2 Nc4 39. Rxd5 Re2+
40. Kc1 Re1+ 41. Kc2 Re2+ 42. Kd1 Rh2 43. Rc3 Rh1+ 44. Ke2 Rh2+ 45. Ke1 Nd2 46.
Rxh5 Nb3 47. Rc4 Nd2 48. Rc8+ Kf7 49. Rf5+ Ke6 50. Rf4 Kd5 51. Rc5+ Kd6 52. Ra5
Nc4 53. Rxa4 Nb2 54. Ra6+ Kd5 55. Kf1 Nd3 56. Rg4 Rf2+ 57. Kg1 Rxf3 58. Ra5+ Ke6
59. Rxg7 Nf4 60. Re5+ Kf6 61. Rg8 Kf7 62. Rg4 Nd3 63. Re2 Kf6 64. Kg2 Rf5 65.
Re3 Rf2+ 66. Kg3 Rd2 67. d5 Nb2 68. Rf4+ Kg6 69. Rf2 1-0

[Event "XXXVI Puchar Wojewody Dolnoslaskiego w Szachach - turniej z norma GM"]
[Site "Legnica"]
[Date "1899-12-30"]
[Round "9.2"]
[White "Stremavicius, Titas"]
[Black "Nasuta, Grzegorz"]
[Result "1-0"]
[WhiteTitle "GM"]
[BlackTitle "GM"]
[WhiteElo "2495"]
[BlackElo "2512"]

1. c4 c6 2. d4 d5 3. cxd5 cxd5 4. Bf4 Nc6 5. e3 Nf6 6. Nc3 Bg4 7. Qb3 Na5 8. Qa4+
Bd7 9. Qc2 e6 10. Nf3 Rc8 11. Bd3 Bb4 12. O-O Nh5 13. Be5 f6 14. Bg3 Nxg3 15.
hxg3 Nc4 16. Rfc1 Nd6 17. Nd2 Qb6 18. Rab1 Qa5 19. a3 Bxc3 20. bxc3 b6 21. e4
dxe4 22. Nxe4 Nxe4 23. Bxe4 Kf7 24. c4 Rc7 25. Qd3 g6 26. Qe3 Kg7 27. g4 Qg5 28.
Qxg5 fxg5 29. c5 Rhc8 30. Rc3 e5 31. c6 Bxg4 32. d5 Rd8 33. f3 Bc8 34. a4 Kf6
35. a5 bxa5 36. Rc5 Ke7 37. Rxa5 Rf8 38. Rb8 g4 39. fxg4 Rf4 40. Bf3 Kd6 41. g5
Rd4 42. Kf2 e4 43. Ke3 Rxd5 44. Rxd5+ Kxd5 45. Bxe4+ Kc5 46. Rb7 Kd6 47. Rb5 Re7
48. Kd4 Kc7 49. Bf3 Re1 50. Rb4 Re7 51. Be4 Re8 52. Bf3 Re7 53. Rb1 Re8 54. Rh1
Re7 55. Rh4 Kd6 56. Rf4 Bf5 57. g4 Bc8 58. Rf6+ Kc7 59. Rf8 Ba6 60. Kc5 Bc8 61.
Bd5 Rg7 62. Re8 a6 63. Re4 a5 64. Ra4 Re7 65. Rxa5 Bxg4 66. Ra7+ Kd8 67. Ra4 Bc8
68. Kd6 Re1 69. c7+ 1-0

[Event "XXXVI Puchar Wojewody Dolnoslaskiego w Szachach - turniej z norma GM"]
[Site "Legnica"]
[Date "1899-12-30"]
[Round "9.3"]
[White "Haba, Petr"]
[Black "Czopor, Maciej"]
[Result "1-0"]
[WhiteTitle "GM"]
[BlackTitle "FM"]
[WhiteElo "2454"]
[BlackElo "2427"]

1. e4 c5 2. Nf3 d6 3. d4 cxd4 4. Nxd4 Nf6 5. Nc3 a6 6. Be3 e6 7. Be2 Qc7 8. f4
b5 9. Bf3 Bb7 10. e5 dxe5 11. Bxb7 Qxb7 12. fxe5 Nfd7 13. O-O Bc5 14. Qg4 O-O
15. Ne4 Bxd4 16. Bxd4 Nc6 17. Nf6+ Kh8 18. Nxd7 Qxd7 19. Bc5 Rfd8 20. Rad1 Qb7
21. Bd6 Na5 22. b3 Rd7 23. Rd3 Rg8 24. Rh3 h6 25. Rf6 Kh7 26. Qg5 Qe4 27. Rhxh6+
gxh6 28. Rxh6# 1-0

[Event "XXXVI Puchar Wojewody Dolnoslaskiego w Szachach - turniej z norma GM"]
[Site "Legnica"]
[Date "1899-12-30"]
[Round "9.4"]
[White "Stremavicius, Pijus"]
[Black "Fiedorek, Michal"]
[Result "1-0"]
[WhiteTitle "FM"]
[BlackTitle "FM"]
[WhiteElo "2345"]
[BlackElo "2321"]

1. e4 c6 2. Nc3 d5 3. Qf3 dxe4 4. Nxe4 Nf6 5. Bc4 e6 6. Ne2 Nbd7 7. d4 Nxe4 8.
Qxe4 Nf6 9. Qf3 Qc7 10. O-O Bd6 11. Ng3 Bd7 12. Bg5 Nd5 13. Nh5 Rg8 14. Rfe1 h6
15. Bh4 Nf4 16. Re4 Nxh5 17. Qxh5 g5 18. Bxe6 O-O-O 19. Bxd7+ Qxd7 20. Bg3 f5
21. Bxd6 fxe4 22. Be5 Qf5 23. Re1 Rgf8 24. Qe2 Rd7 25. c3 h5 26. b4 h4 27. h3
Rdf7 28. Rf1 e3 29. f3 Qe6 30. Qxe3 Qxa2 31. Qxg5 b6 32. Qxh4 Rg8 33. Qf2 Qc4
34. Qe3 Qe6 35. Qe4 b5 36. Rd1 Kb7 37. d5 Qxh3 38. dxc6+ Kc8 39. Rd2 Qxf3 40.
Qxf3 Rxf3 41. Ra2 Rf5 42. Rxa7 Rxg2+ 43. Kxg2 Rxe5 44. Kf3 Re1 45. Kf4 Re2 46.
Rh7 Re1 47. Rh5 Rc1 48. Rc5 Kc7 49. Ke3 Rd1 50. Rxb5 Kxc6 51. Rc5+ Kb6 52. Ke2
Rd8 53. Rh5 Rd7 54. Ke3 Rd8 55. c4 Rd1 56. Rd5 Rb1 57. Rb5+ Kc6 58. Kd3 Rd1+ 59.
Kc2 Rd4 60. Kc3 Rh4 61. Rg5 Rh3+ 62. Kb2 Rh6 63. Kb3 Kb6 64. Ka4 Rf6 65. c5+ Kb7
66. b5 Rf1 67. Rg7+ 1-0

[Event "XXXVI Puchar Wojewody Dolnoslaskiego w Szachach - turniej z norma GM"]
[Site "Legnica"]
[Date "1899-12-30"]
[Round "9.5"]
[White "Cyborowski, Lukasz"]
[Black "Dobrowolski, Piotr"]
[Result "0-1"]
[WhiteTitle "GM"]
[BlackTitle "IM"]
[WhiteElo "2484"]
[BlackElo "2405"]

1. d4 Nf6 2. Nf3 e6 3. c4 Bb4+ 4. Nbd2 O-O 5. a3 Bxd2+ 6. Qxd2 b6 7. e3 Bb7 8.
b4 d6 9. Bb2 Nbd7 10. Be2 Ne4 11. Qc2 f5 12. O-O Rf6 13. d5 Rh6 14. g3 c5 15.
bxc5 Ndxc5 16. Rad1 Rc8 17. Ba1 Qd7 18. dxe6 Qxe6 19. Rd4 Re8 20. Qb2 Re7 21.
Bd1 Qg6 22. Rd5 Bxd5 23. cxd5 Ng5 24. Nd4 f4 25. exf4 Nh3+ 26. Kh1 Nd3 27. f5
Nxb2 28. fxg6 Nxd1 29. Nf5 Nhxf2+ 30. Kg2 Re2 31. Kf3 Ra2 32. Nxh6+ gxh6 33. gxh7+
Kxh7 34. Bd4 Rxa3+ 35. Ke2 Ra2+ 36. Kf3 Rd2 37. Ba1 Rd3+ 38. Ke2 Rxd5 0-1